World Capitals Click Quiz - Statistics

General Stats
  • This quiz has been taken 2,109 times
    1,176 since last reset
  • The average score is 110 of 196
Answer Stats
Hint Answer % Correct
Italy Rome
77%
Egypt Cairo
76%
United Kingdom London
76%
Russia Moscow
76%
Germany Berlin
75%
Brazil Brasília
75%
Ukraine Kiev
75%
Luxembourg Luxembourg
75%
Spain Madrid
75%
Monaco Monaco
75%
Japan Tokyo
75%
Greece Athens
74%
China Beijing
74%
Australia Canberra
74%
Cuba Havana
74%
India New Delhi
74%
Norway Oslo
74%
Canada Ottawa
74%
France Paris
74%
Austria Vienna
74%
United States Washington D.C.
74%
Netherlands Amsterdam
73%
Andorra Andorra la Vella
73%
Argentina Buenos Aires
73%
Portugal Lisbon
73%
Mexico Mexico City
73%
Singapore Singapore
73%
Tunisia Tunis
73%
Vatican City Vatican City
73%
Poland Warsaw
73%
New Zealand Wellington
73%
Switzerland Bern
72%
Belgium Brussels
72%
Denmark Copenhagen
72%
Ireland Dublin
72%
Finland Helsinki
72%
Israel Jerusalem
72%
South Korea Seoul
72%
Algeria Algiers
71%
Thailand Bangkok
71%
Peru Lima
71%
Iceland Reykjavík
71%
San Marino San Marino
71%
Sweden Stockholm
71%
United Arab Emirates Abu Dhabi
70%
Hungary Budapest
70%
Panama Panama City
70%
Turkey Ankara
69%
Djibouti Djibouti
69%
Vietnam Hanoi
69%
Indonesia Jakarta
69%
Kuwait Kuwait City
69%
Czech Republic Prague
69%
South Africa Pretoria / Cape Town
/ Bloemfontein
69%
North Korea Pyongyang
69%
Romania Bucharest
68%
Philippines Manila
68%
Kenya Nairobi
68%
Iraq Baghdad
67%
Guatemala Guatemala City
67%
El Salvador San Salvador
67%
Chile Santiago
67%
Taiwan Taipei
67%
Croatia Zagreb
67%
Venezuela Caracas
66%
Pakistan Islamabad
66%
Saudi Arabia Riyadh
66%
Bulgaria Sofia
66%
Serbia Belgrade
65%
Colombia Bogotá
65%
Malaysia Kuala Lumpur
65%
Morocco Rabat
65%
Syria Damascus
64%
Afghanistan Kabul
64%
Belarus Minsk
64%
Ecuador Quito
64%
Sri Lanka Sri
Jayawardenepura
Kotte
64%
Iran Tehran
64%
Albania Tirana
63%
Lebanon Beirut
62%
Nepal Kathmandu
62%
Bolivia La Paz / Sucre
62%
Cyprus Nicosia
62%
Latvia Riga
62%
São Tomé and Príncipe São Tomé
62%
Bosnia and
Herzegovina
Sarajevo
62%
Mongolia Ulaanbaatar
62%
Ethiopia Addis Ababa
61%
Jordan Amman
61%
Qatar Doha
61%
Uruguay Montevideo
61%
Estonia Tallinn
61%
Malta Valletta
61%
Libya Tripoli
60%
Lithuania Vilnius
60%
Paraguay Asunción
59%
Azerbaijan Baku
59%
Slovakia Bratislava
59%
Bangladesh Dhaka
59%
Jamaica Kingston
59%
Slovenia Ljubljana
59%
Georgia Tbilisi
59%
Guinea-Bissau Bissau
57%
Moldova Chișinău
57%
Senegal Dakar
57%
Cambodia Phnom Penh
57%
Haiti Port-au-Prince
57%
Liechtenstein Vaduz
57%
Nigeria Abuja
55%
Madagascar Antananarivo
55%
Oman Muscat
55%
Montenegro Podgorica
55%
Yemen Sana'a
55%
Ghana Accra
54%
Bahamas Nassau
54%
Costa Rica San José
54%
North Macedonia Skopje
54%
Somalia Mogadishu
53%
Kazakhstan Astana
52%
East Timor Dili
52%
Maldives Malé
52%
Nicaragua Managua
52%
Kosovo Pristina
52%
Dominican Republic Santo Domingo
52%
Papua New Guinea Port Moresby
51%
Armenia Yerevan
51%
Brunei Bandar Seri
Begawan
50%
Honduras Tegucigalpa
50%
Sudan Khartoum
49%
Belize Belmopan
48%
Zimbabwe Harare
48%
Angola Luanda
48%
Laos Vientiane
48%
Uganda Kampala
47%
Guyana Georgetown
46%
Democratic Republic
of the Congo
Kinshasa
46%
Seychelles Victoria
46%
Namibia Windhoek
46%
Barbados Bridgetown
45%
Sierra Leone Freetown
45%
South Sudan Juba
45%
Chad N'Djamena
45%
Suriname Paramaribo
45%
Bhutan Thimphu
45%
Liberia Monrovia
44%
Myanmar Naypyidaw
44%
Burkina Faso Ouagadougou
44%
Trinidad and Tobago Port-of-Spain
44%
Turkmenistan Ashgabat
43%
Republic of the Congo Brazzaville
43%
Bahrain Manama
43%
Fiji Suva
43%
Uzbekistan Tashkent
43%
Cameroon Yaoundé
43%
Rwanda Kigali
42%
Niger Niamey
42%
Cape Verde Praia
42%
Malawi Lilongwe
41%
Mozambique Maputo
41%
Eritrea Asmara
40%
Kyrgyzstan Bishkek
40%
Tanzania Dodoma
40%
Botswana Gaborone
40%
Togo Lomé
40%
Mauritius Port Louis
39%
Ivory Coast Yamoussoukro
39%
Mali Bamako
38%
Guinea Conakry
38%
Mauritania Nouakchott
37%
Benin Porto-Novo /
Cotonou
37%
Samoa Apia
36%
Zambia Lusaka
36%
Comoros Moroni
36%
Dominica Roseau
36%
Gabon Libreville
35%
Tajikistan Dushanbe
34%
Antigua and Barbuda Saint John's
34%
Gambia Banjul
33%
Saint Lucia Castries
33%
Burundi Gitega
33%
Central African Republic Bangui
32%
Lesotho Maseru
32%
Eswatini Mbabane
32%
Tuvalu Funafuti
31%
Nauru Yaren
31%
Equatorial Guinea Malabo
30%
Vanuatu Port Vila
30%
Saint Kitts and Nevis Basseterre
29%
Grenada Saint George's
29%
Palau Ngerulmud
28%
Federated States of
Micronesia
Palikir
28%
Kiribati South Tarawa
28%
Marshall Islands Majuro
27%
Tonga Nukuʻalofa
27%
Solomon Islands Honiara
26%
Saint Vincent and the
Grenadines
Kingstown
24%
No matching quizzes found
Score Distribution
Percent of People with Each Score
Percentile by Number Answered
Your Score History
You have not taken this quiz since the last reset